MARIA LUISA DE ORLEANS: REINA DE ESPAÑA /

Kaydedildi:
Detaylı Bibliyografya
Yazar: Duque de Maura (autor)
Materyal Türü: Kitap
Konular:
Etiketler: Etiketle
Etiket eklenmemiş, İlk siz ekleyin!

MARC

LEADER 00000nam^a2200000^a^4500
001 000228999
005 20250521000000.0
009 20260310104347.272
035 |a 048984 
037 |a Acervo Xavier Clavigero 
082 |a 946. 053  |b DUQ 
100 |a Duque de Maura  |e (autor) 
245 1 0 |a MARIA LUISA DE ORLEANS:  |b REINA DE ESPAÑA /  |c DUQUE DE MAURA 
264 |a MADRID :  |b Saturnino Calleja, 
300 |a 294p. 
336 |a texto  |b txt  |2 rdacontenido 
337 |a sin mediación  |b n  |2 rdamedio 
338 |a volumen  |b nc  |2 rdasoporte 
649 |a XX 
650 |a MARIA LUISA DE ORLEANS, 1662-1689 -  |x BIOGRAFIA 
650 |a España -  |x Historia 
910 |a Fondo General 
920 |a Impresos - Libros 
930 |a Colección General 
905 |a 101 
901 |a 048984  |b IT1  |c ACC  |i 048984  |u 20250521 
902 |a https://opac.biblio.iteso.mx/vufind/Record/000228999